00228nam a2200109Ia 4500100001600000654001600016245002300032260002600055082001700081300000800098546001200106 aWolf/Wayne  aVLSI Design aModern VLSI Design bPrentice Hallc2000 a621.395bWOL a560 aENGLISH